000 00359 a2200157 4500
001 49549
020 _a8530500539
040 _cAnchieta - Bela Vista
100 _aCarrasco, Walcyr
240 1 0 _aMeu encontro com Papai Noel
_lpor
245 1 0 _aMeu encontro com Papai Noel
300 _a23
362 0 _a1987
650 4 _aLiteratura infantil
942 _cBK
999 _c49549
_d49549